Public relations and the social web : using social media and Web 2.0 in communications (Record no. 47250)

MARC details
000 -LEADER
fixed length control field 00660nam a2200217Ia 4500
008 - FIXED-LENGTH DATA ELEMENTS--GENERAL INFORMATION
fixed length control field 191130s2009##################000#0#eng##
020 ## - INTERNATIONAL STANDARD BOOK NUMBER
International Standard Book Number 9780749459611
022 ## - INTERNATIONAL STANDARD SERIAL NUMBER
International Standard Serial Number 2008049603
040 ## - CATALOGING SOURCE
Original cataloging agency ACL
Transcribing agency ACL
082 ## - DEWEY DECIMAL CLASSIFICATION NUMBER
Classification number 659.202854678 BRO
100 ## - MAIN ENTRY--PERSONAL NAME
Personal name Brown, Rob
245 ## - TITLE STATEMENT
Title Public relations and the social web : using social media and Web 2.0 in communications
Statement of responsibility, etc. Rob Brown
260 ## - PUBLICATION, DISTRIBUTION, ETC.
Place of publication, distribution, etc. London
Name of publisher, distributor, etc. Kogan Page
Date of publication, distribution, etc. 2009
300 ## - PHYSICAL DESCRIPTION
Extent x, 182 p. ; 25 cm
500 ## - GENERAL NOTE
General note Includes index
650 ## - SUBJECT ADDED ENTRY--TOPICAL TERM
Topical term or geographic name entry element Internet in public relations
Topical term or geographic name entry element Public relations
990 ## - EQUIVALENCES OR CROSS-REFERENCES [LOCAL, CANADA]
Link information for 9XX fields 2858cc23ac10000c375200dc6876512f
991 ## -
-- 81190
Holdings
Withdrawn status Lost status Materials specified (bound volume or other part) Damaged status Not for loan Home library Current library Shelving location Date acquired Total Checkouts Full call number Barcode Date last seen Price effective from Koha item type
    pbk     Anna Centenary Library Anna Centenary Library 6TH FLOOR, B WING 09.10.2020   659.202854678 BRO 312342 09.10.2020 09.10.2020 English Books
    pbk     Anna Centenary Library Anna Centenary Library 6TH FLOOR, B WING 09.10.2020   659.202854678 BRO 580902 09.10.2020 09.10.2020 English Books
    pbk     Anna Centenary Library Anna Centenary Library 6TH FLOOR, B WING 09.10.2020   659.202854678 BRO 580903 09.10.2020 09.10.2020 English Books

Find us on the map